Portréty : vyprávění o lidech, kteří se angažují /

Hlavní autor: Plodková, Alena, 1941-
Další autoři: Holec, Jan
Jazyk: Čeština
Vydáno: Rychnov nad Kněžnou : Okresní kulturní středisko; 1973
Fyzický popis: 25 stran : ilustrace ; 8°
Knihy
Uloženo v:
LEADER 00981nam a22002892i 4500
001 001564789
003 CZ BrMZK
005 20170505134624.0
007 ta
008 170216s1973 xr a er|||||||||||cze d
015 |a cnb000456952 
035 |a (OCoLC)6790420 
040 |a ABA001  |b cze  |c OLA001  |d ABA001  |d BOA001  |e rda 
080 |a 92(437):008(437.143) 
100 1 |a Plodková, Alena,  |d 1941-  |7 jk01093497  |4 aut 
245 1 0 |a Portréty :  |b vyprávění o lidech, kteří se angažují /  |c Alena Plodková ; ilustroval Jan Holec 
264 1 |a Rychnov nad Kněžnou :  |b Okresní kulturní středisko;  |c 1973 
300 |a 25 stran :  |b ilustrace ;  |c 8° 
336 |a text  |b txt  |2 rdacontent 
337 |a bez média  |b n  |2 rdamedia 
338 |a svazek  |b nc  |2 rdacarrier 
500 |a 500 výtisků 
700 1 |a Holec, Jan  |4 ill 
910 |a BOA001  |b X-0748.122 
990 |a BK 
991 |b 201702 
996 6 |b 2619192691  |c X-0748.122  |l MZK  |r Sklad / do 24 hodin  |n 0  |w 001600118  |u 000010  |a 1  |e BOA001  |j MZK50  |s P